[Event "Madrid Oliver Gonzalez Memorial-A 3rd"]
[Site "Madrid"]
[Date "2012.09.08"]
[Round "8"]
[White "Vazquez Quiroga, Manuel"]
[Black "Ballesteros Gonzalez, David"]
[Result "1/2-1/2"]
[WhiteElo "2163"]
[BlackElo "2227"]
[PlyCount "79"]
[EventDate "2012.09.01"]
[EventType "swiss"]
[EventRounds "9"]
[EventCountry "ESP"]
[SourceTitle "CBM 150 Extra"]
[Source "ChessBase"]
[SourceDate "2012.10.19"]
[SourceVersion "1"]
[SourceVersionDate "2012.10.19"]
[SourceQuality "1"]

1. f4 d5 2. Nf3 c5 3. d3 Nc6 4. c3 Nf6 5. Qc2 d4 6. e4 Bg4 7. Nbd2 e6 8. Be2 Be7 9. 0-0 0-0 10. h3 Bxf3 11. Nxf3 a5 12. c4 Rb8 13. a4 Nb4 14. Qd1 Nxe4 15. dxe4 d3 16. Be3 dxe2 17. Qxe2 Qd3 18. Qxd3 Nxd3 19. b3 Rfd8 20. Rab1 f6 21. Rfd1 Nb4 22. Kf1 Kf7 23. Ke2 Nc2 24. Rbc1 Nxe3 25. Kxe3 Bd6 26. Rd2 Bc7 27. Rcd1 Rxd2 28. Rxd2 Ke7 29. Rd3 Rg8 30. g4 g6 31. e5 f5 32. g5 h6 33. h4 Ra8 34. Rd2 h5 35. Rd3 Ra6 36. Nd2 Rb6 37. Nb1 Bb8 38. Na3 Rc6 39. Nb5 Rc8 40. Na3 1/2-1/2